Lví řev /

Další pokračování dobrodružných příběhů dětí, které často bojují o přežití. Tentokrát se celá parta vydává do Afriky.

Uloženo v:
Série:GO! - Gang odvážných, část 12
Hlavní autor: Březinová, Ivona, 1964- (Autor)
Další autoři: Namai, Matyáš, 1993- (Autor)
Médium: Kniha
Jazyk:Czech
Vydáno: V Praze : Albatros, 2026
Vydání:1. vydání
Témata:
Celkem bylo vypůjčeno:0x
Příbuzné jednotky:Z cyklu:: GO! - Gang odvážných
Tagy:
Žádné tagy
LEADER 02191nam a2200457 i 4500
001 106338
003 CZ PrNK
005 20260514074433.0
007 ta
008 260505s2026 xr a c 000 j cze
015 |a cnb003755595 
020 |a 9788000081281  |q (vázáno) :  |c Kč 299,00 
040 |a ABG001  |b cze  |e rda 
072 7 |a 821.162.3-3  |x Česká próza  |2 Konspekt  |9 25 
072 7 |a 821-93  |x Literatura pro děti a mládež (beletrie)  |2 Konspekt  |9 26 
080 |a 821.162.3-32  |2 MRF 
080 |a 821-93  |2 MRF 
080 |a (0:82-321.3)  |2 MRF 
100 1 |a Březinová, Ivona,  |d 1964-  |7 jn19990218010  |4 aut  |9 9316 
245 1 0 |a Lví řev /  |c Ivona Březinová ; ilustroval Matyáš Namai 
250 |a 1. vydání 
264 1 |a V Praze :  |b Albatros,  |c 2026 
300 |a 119 stran :  |b ilustrace ;  |c 23 cm 
336 |a text  |b txt  |2 rdacontent 
337 |a bez média  |b n  |2 rdamedia 
338 |a svazek  |b nc  |2 rdacarrier 
520 2 |a Další pokračování dobrodružných příběhů dětí, které často bojují o přežití. Tentokrát se celá parta vydává do Afriky.  |b Gang odvážných - Jonáš, Hardy, Mariana, Alfa, Beta a Tim - odlétá do Afriky točit reportáže na podporu afrických škol. Mariana má ale od začátku pocit, že je něco špatně. Jaké nebezpečí jim hrozí na rovníku a v národních parcích Ngorongoro a Serengeti, kde žijí divoká zvířata? A ochrání Marianu tajemný lví amulet? Nakladatelská anotace. 
521 8 |a Pro čtenáře od 10 let 
655 7 |a české příběhy  |7 fd133973  |2 czenas  |9 54030 
655 7 |a dobrodružné příběhy  |7 fd132060  |2 czenas  |9 53557 
655 7 |a publikace pro děti  |7 fd133156  |2 czenas  |9 23 
655 9 |a Czech stories  |2 eczenas 
655 9 |a adventure stories  |2 eczenas 
655 9 |a children's literature  |2 eczenas 
700 1 |a Namai, Matyáš,  |d 1993-  |7 osa2016912885  |4 ill  |9 29083 
710 2 |a Nakladatelství Albatros  |7 kn20010724027  |4 pbl  |9 108199 
787 0 8 |i Z cyklu:  |t GO! - Gang odvážných  |g 12 
910 |a UOG502 
942 |2 ddc  |c KN 
999 |d 106338 
993 |0 0  |1 421180107059  |2 ddc  |4 0  |6 M_I  |7 0  |9 99720  |b 0  |c 107059  |d 2026-05-14  |e 0  |f M  |g M/I  |h 299.00  |i Koupě  |l M  |r 2026-05-14  |t 8  |w 2026-05-14  |y KN  |z BELET  |n